000 00620cam a22002053a 4500
001 40068
003 PGUSA
005 20140828083907.0
008 120624s2012||||xxu|||||s|||||000 | eng d
040 _aPGUSA
_beng
042 _adc
100 1 _aRameur, E.
245 1 4 _aThe Catholic World. Volume II; Numbers 7, 8, 9, 10, 11, 12. :
_bA Monthly Eclectic Magazine
_h[electronic resource] /
_cE. Rameur
260 _bProject Gutenberg,
_c2012
506 _aPublic domain in the USA.
516 _aElectronic text
830 0 _aProject Gutenberg
_v40068
856 4 0 _uhttp://www.gutenberg.org/ebooks/40068
942 _cEB
999 _c269321
_d269321